[Event "Memorial Romana Baka OPEN FIDE"]
[Site "Starochorzowski Dom Kultury, C"]
[Date "2014.09.30"]
[Round "6.9"]
[White "Klementys, Jerzy"]
[Black "Szczecina, Kamil"]
[Result "1-0"]
[WhiteElo "1675"]
[BlackElo "1889"]
[PlyCount "143"]
[EventDate "2014.??.??"]

1. d4 Nf6 2. c4 e5 3. dxe5 Ng4 4. Bf4 g5 5. Bg3 Nc6 6. Nf3 Bg7 7. Nc3 Ngxe5 8.
Nxe5 Nxe5 9. e3 d6 10. Qc2 Be6 11. Rd1 Qe7 12. Nd5 Qd7 13. b3 c6 14. Nc3 f5 15.
Be2 O-O-O 16. c5 d5 17. f4 Ng6 18. fxg5 Qe7 19. b4 Qxg5 20. Qd2 Bh6 21. O-O
Qxe3+ 22. Qxe3 Bxe3+ 23. Bf2 Bxf2+ 24. Rxf2 d4 25. Nb1 Bxa2 26. Rxf5 d3 27. Bg4
Be6 28. Rg5 Bxg4 29. Rxg4 Rhf8 30. Nd2 Nf4 31. g3 Nd5 32. Nc4 Nc3 33. Rd2 Nb1
34. Rd1 Nc3 35. Rd2 Rf3 36. Kg2 Rdf8 37. Rd4 Nd5 38. b5 Kc7 39. bxc6 bxc6 40.
R4xd3 Rxd3 41. Rxd3 Rb8 42. Nd6 a6 43. h4 Rb2+ 44. Kh3 Rc2 45. Ne8+ Kc8 46. Ra3
Kd7 47. Ng7 Nc7 48. Rd3+ Nd5 49. Ra3 Nc7 50. Rd3+ Kc8 51. Rd6 Rxc5 52. Rh6 a5
53. Rxh7 a4 54. Rh8+ Kd7 55. Rf8 a3 56. Rf2 Ra5 57. Ra2 Ke7 58. g4 Nd5 59. Nf5+
Kf6 60. Nd4 Nb4 61. g5+ Ke5 62. Nb3 Ra7 63. Re2+ Kd5 64. g6 a2 65. Na1 Nd3 66.
Kg4 Kd6 67. h5 Ne5+ 68. Kg5 Ke6 69. h6 Ra3 70. Rxe5+ Kxe5 71. h7 Rg3+ 72. Kh4
1-0

[Event "Memorial Romana Baka OPEN FIDE"]
[Site "Starochorzowski Dom Kultury, C"]
[Date "2014.09.30"]
[Round "6.10"]
[White "Zylka, Stanislaw"]
[Black "Muc, Zbigniew"]
[Result "1-0"]
[WhiteElo "1934"]
[BlackElo "1721"]
[PlyCount "120"]
[EventDate "2014.??.??"]

1. d4 Nf6 2. Nf3 e6 3. c4 c5 4. d5 exd5 5. cxd5 d6 6. Nc3 g6 7. h3 Qe7 8. Bf4
a6 9. a4 Bg7 10. e3 O-O 11. Be2 Rd8 12. O-O Nbd7 13. Nd2 Ne8 14. Nc4 Rb8 15.
Qd2 b6 16. Rfd1 Ne5 17. Bxe5 Bxe5 18. Nxe5 Qxe5 19. Nb1 Nf6 20. Bf3 Bd7 21. Qc3
Qe7 22. Nd2 b5 23. axb5 Bxb5 24. b3 Nd7 25. Nc4 f6 26. Bg4 Nf8 27. Be2 Nd7 28.
Bf1 Re8 29. Na5 Bxf1 30. Nc6 Qe4 31. Kxf1 Ra8 32. Ra4 Qf5 33. Rf4 Qh5 34. Rd2
g5 35. Rxf6 Nxf6 36. Qxf6 Qf7 37. Qxg5+ Kh8 38. Qh6 Qg6 39. Qxg6 hxg6 40. Ra2
Kg7 41. Ke2 Kf6 42. Ra4 g5 43. h4 Rg8 44. h5 Kf7 45. g4 Ke8 46. Re4+ Kd7 47.
Re7+ Kc8 48. h6 Rh8 49. h7 a5 50. f4 gxf4 51. g5 a4 52. bxa4 Rxa4 53. g6 Ra2+
54. Kf3 Rh2 55. exf4 c4 56. Re2 Rh6 57. g7 R6xh7 58. gxh8=Q+ Rxh8 59. Rc2 Kc7
60. Rxc4 Kb6 1-0

[Event "Memorial Romana Baka OPEN FIDE"]
[Site "Starochorzowski Dom Kultury, C"]
[Date "2014.09.30"]
[Round "6.11"]
[White "Pasieka, Marcin"]
[Black "Rak, Dariusz"]
[Result "1/2-1/2"]
[WhiteElo "1626"]
[BlackElo "1869"]
[PlyCount "60"]
[EventDate "2014.??.??"]

1. e4 d5 2. exd5 Qxd5 3. Nc3 Qe5+ 4. Qe2 Qxe2+ 5. Bxe2 c6 6. d4 Nf6 7. Nf3 Bf5
8. Bd3 Bxd3 9. cxd3 Na6 10. Be3 e6 11. Ne4 Rd8 12. Ke2 Be7 13. Nc5 Nxc5 14.
dxc5 O-O 15. Rhd1 Rd5 16. d4 Rfd8 17. Ne5 Ne8 18. b4 Nc7 19. a4 Bf6 20. f4 Kf8
21. Kd3 Bxe5 22. fxe5 Ke7 23. Kc4 a6 24. Rf1 h6 25. Rf3 Rf8 26. Raf1 Rd7 27. g4
Nd5 28. h4 b5+ 29. cxb6 Nxb6+ 30. Kb3 Nd5 1/2-1/2

[Event "Memorial Romana Baka OPEN FIDE"]
[Site "Starochorzowski Dom Kultury, C"]
[Date "2014.09.30"]
[Round "6.12"]
[White "Tchorzewski, Kazimierz"]
[Black "Kubicka, Anna"]
[Result "0-1"]
[WhiteElo "1828"]
[BlackElo "1734"]
[PlyCount "55"]
[EventDate "2014.??.??"]

1. e4 d6 2. Bb5+ c6 3. Ba4 e5 4. c3 Nf6 5. d3 Be7 6. Nd2 O-O 7. h3 a5 8. Nf1 d5
9. exd5 b5 10. Bc2 cxd5 11. Ng3 d4 12. Nf3 b4 13. cxb4 Bxb4+ 14. Bd2 Bb7 15.
O-O Bxd2 16. Nxd2 Na6 17. Nc4 Qd5 18. f3 Nd7 19. Bb3 Rab8 20. Nf5 Qe6 21. Nfd6
Bd5 22. Ne4 Nac5 23. Nxa5 Bxb3 24. Nxb3 Nxb3 25. axb3 Qxb3 26. Rf2 f5 27. Nd6
Nc5 28. Rd2 0-1

[Event "Memorial Romana Baka OPEN FIDE"]
[Site "Starochorzowski Dom Kultury, C"]
[Date "2014.09.30"]
[Round "6.13"]
[White "Solek, Zenon"]
[Black "Mandla, Maciej"]
[Result "1-0"]
[WhiteElo "1817"]
[BlackElo "1635"]
[PlyCount "97"]
[EventDate "2014.??.??"]

1. e4 c5 2. Nf3 Nc6 3. d4 cxd4 4. Nxd4 e5 5. Nb5 d6 6. N1c3 a6 7. Na3 b5 8. Nd5
Nge7 9. c3 Nxd5 10. Qxd5 Qc7 11. Bg5 Be6 12. Qd2 h6 13. Bh4 g5 14. Bg3 Bg7 15.
Nc2 O-O 16. Be2 Ne7 17. Ne3 Rad8 18. Bf3 Qd7 19. O-O Kh8 20. h3 Ng6 21. Rfd1
Rg8 22. Bg4 Nf4 23. f3 h5 24. Bf5 Bf8 25. Bf2 Be7 26. Kh2 Rg7 27. g3 Ng6 28.
Bxe6 fxe6 29. Ng2 d5 30. Qe2 Qe8 31. a4 g4 32. fxg4 hxg4 33. h4 Qf7 34. Bb6 Rd7
35. Rf1 Qg8 36. Bf2 Nxh4 37. Nxh4 Bxh4 38. Kg2 Bf6 39. axb5 axb5 40. Qxb5 Rgf7
41. Qc6 Qg6 42. Ra4 Rh7 43. Rh1 Rxh1 44. Qxd7 Rh2+ 45. Kxh2 Qh6+ 46. Kg1 Qc1+
47. Kg2 Bg7 48. Qe8+ Kh7 49. Qh5+ 1-0

[Event "Memorial Romana Baka OPEN FIDE"]
[Site "Starochorzowski Dom Kultury, C"]
[Date "2014.09.30"]
[Round "6.14"]
[White "Widera, Jan"]
[Black "Nowakowski, Jan"]
[Result "0-1"]
[WhiteElo "1906"]
[BlackElo "1692"]
[PlyCount "94"]
[EventDate "2014.??.??"]

1. c4 e5 2. Nc3 Nf6 3. g3 c6 4. d4 e4 5. d5 Bb4 6. Bg2 Bxc3+ 7. bxc3 Qa5 8. Qd4
cxd5 9. Qe5+ Kf8 10. Bd2 Nc6 11. Qd6+ Ne7 12. Nh3 h6 13. cxd5 Qxd5 14. Qa3 d6
15. Be3 Qc6 16. Rd1 Ne8 17. O-O b6 18. Rd4 Bxh3 19. Bxh3 d5 20. c4 Qd6 21. Qb3
g5 22. cxd5 f5 23. f3 exf3 24. Rxf3 Ng7 25. Bxf5 Nexf5 26. g4 Ke7 27. gxf5 Rhf8
28. Qd3 Rf7 29. Bc1 Kd8 30. e4 Rc8 31. Ba3 Qe5 32. d6 Nh5 33. d7 Rc7 34. Bd6
Rc1+ 35. Kg2 Qa5 36. Qd2 Qxd2+ 37. Rxd2 Rxd7 38. Rfd3 Ke8 39. Kf2 a5 40. Rd4
Ng7 41. Ke2 b5 42. Rd5 Rc6 43. Kf3 h5 44. Kf2 Kf7 45. h3 Ke8 46. Ke3 Kf7 47.
Kd4 Rcxd6 0-1

[Event "Memorial Romana Baka OPEN FIDE"]
[Site "Starochorzowski Dom Kultury, C"]
[Date "2014.09.30"]
[Round "6.15"]
[White "Rychlik, Bogdan"]
[Black "Liszek, Krzysztof"]
[Result "1/2-1/2"]
[WhiteElo "1759"]
[BlackElo "1905"]
[PlyCount "115"]
[EventDate "2014.??.??"]

1. e4 e6 2. d4 d5 3. exd5 exd5 4. Nf3 Nf6 5. c4 Be6 6. Nc3 c6 7. c5 Nbd7 8. Bd3
Be7 9. O-O O-O 10. Re1 Bg4 11. Bf4 Re8 12. h3 Bh5 13. g4 Bg6 14. Ne5 Nxe5 15.
Rxe5 Bxd3 16. Qxd3 Nd7 17. Re2 Bf8 18. Rae1 Rxe2 19. Rxe2 Qf6 20. Bg3 Qg6 21.
Qxg6 hxg6 22. g5 f6 23. h4 Kf7 24. Re3 Re8 25. Nd1 f5 26. Kg2 Re4 27. Rxe4 fxe4
28. f3 exf3+ 29. Kxf3 Be7 30. Ne3 Bd8 31. b4 a5 32. a3 axb4 33. axb4 b6 34. Ng4
bxc5 35. bxc5 Ba5 36. Ke3 Ke6 37. Kd3 Bb4 38. Ke3 Kf5 39. Kf3 Bd2 40. Be5 Be1
41. Ne3+ Ke6 42. Bg3 Bc3 43. Nc2 Kf5 44. Be1 Bxe1 45. Nxe1 Nf8 46. Nd3 Ne6 47.
Ke3 Kg4 48. Ne5+ Kxh4 49. Nxc6 Kxg5 50. Ne7 Nc7 51. Kf3 Kf6 52. Nc6 g5 53. Kg4
Nb5 54. Nb4 Ke6 55. Kxg5 Nxd4 56. Kg6 Nf5 57. c6 Ne7+ 58. Kxg7 1/2-1/2

[Event "Memorial Romana Baka OPEN FIDE"]
[Site "Starochorzowski Dom Kultury, C"]
[Date "2014.09.30"]
[Round "6.16"]
[White "Stepaniec, Lukasz"]
[Black "Wirtek, Jerzy"]
[Result "0-1"]
[WhiteElo "1856"]
[BlackElo "1706"]
[PlyCount "48"]
[EventDate "2014.??.??"]

1. d4 d5 2. c4 e6 3. Nc3 Nf6 4. Nf3 Be7 5. g3 O-O 6. Bg2 c6 7. O-O Nbd7 8. b3
Ne4 9. Qc2 f5 10. Nd2 Ndf6 11. Rb1 Qe8 12. f3 Nxc3 13. Qxc3 Bd6 14. e4 fxe4 15.
fxe4 e5 16. cxd5 exd4 17. Qxd4 Be5 18. Qd3 cxd5 19. exd5 Ng4 20. Ba3 Rxf1+ 21.
Rxf1 Nf6 22. Nf3 Bg4 23. Ng5 Be2 24. Qxe2 Bd4+ 0-1

[Event "Memorial Romana Baka OPEN FIDE"]
[Site "Starochorzowski Dom Kultury, C"]
[Date "2014.09.30"]
[Round "6.17"]
[White "Gredka, Dominika"]
[Black "Blasiak, Miroslaw"]
[Result "0-1"]
[WhiteElo "1469"]
[BlackElo "1818"]
[PlyCount "36"]
[EventDate "2014.??.??"]

1. e4 e5 2. Nf3 Nc6 3. Bb5 a6 4. Ba4 Nf6 5. O-O Be7 6. Re1 b5 7. Bb3 O-O 8. c3
d5 9. exd5 Nxd5 10. Nxe5 Nxe5 11. Rxe5 c6 12. d4 Bd6 13. Rh5 g6 14. Rh6 Qf6 15.
g3 Re8 16. Bxd5 cxd5 17. Be3 Rxe3 18. fxe3 Qg5 0-1

[Event "Memorial Romana Baka OPEN FIDE"]
[Site "Starochorzowski Dom Kultury, C"]
[Date "2014.09.30"]
[Round "6.19"]
[White "Kostowski, Andrzej"]
[Black "Krol, Rafal"]
[Result "0-1"]
[WhiteElo "1629"]
[BlackElo "1785"]
[PlyCount "86"]
[EventDate "2014.??.??"]

1. d4 d5 2. c4 e6 3. e3 Nf6 4. a3 c5 5. cxd5 exd5 6. Nf3 Nc6 7. Nc3 Be7 8. Be2
O-O 9. O-O Bf5 10. Nh4 Be6 11. Nf3 Ne4 12. Bd2 cxd4 13. exd4 Bf6 14. Be3 Nxc3
15. bxc3 Na5 16. Bd2 Rc8 17. Qa4 a6 18. Rfc1 Bf5 19. Ne1 Re8 20. Bf1 Nc4 21.
Bxc4 Rxc4 22. Qd1 Qe7 23. Nc2 Bxc2 24. Rxc2 Qe2 25. Be3 Qxd1+ 26. Rxd1 Rec8 27.
Rdc1 Be7 28. Rb1 b5 29. Rb3 Kf8 30. Kf1 Bf6 31. Rcb2 Rxc3 32. a4 bxa4 33. Rb8
a3 34. Rxc8+ Rxc8 35. Ra2 Be7 36. Ke2 Ke8 37. Kd1 Rc4 38. Kd2 Bb4+ 39. Kd1 Kd7
40. Ke2 Kc6 41. Bd2 Kb5 42. Bxb4 Kxb4 43. Kd3 Kb3 0-1

[Event "Memorial Romana Baka OPEN FIDE"]
[Site "Starochorzowski Dom Kultury, C"]
[Date "2014.09.30"]
[Round "6.21"]
[White "Lendla, Janusz"]
[Black "Jopek, Krzysztof"]
[Result "1/2-1/2"]
[WhiteElo "1637"]
[BlackElo "1865"]
[PlyCount "132"]
[EventDate "2014.??.??"]

1. d4 Nf6 2. c4 g6 3. Nc3 d6 4. Bg5 Bg7 5. e3 O-O 6. Be2 c5 7. Nf3 h6 8. Bf4
Nh5 9. Bg3 Na6 10. Nh4 Nxg3 11. hxg3 cxd4 12. exd4 Qb6 13. Nd5 Qd8 14. Qd2 e6
15. Ne3 Qb6 16. Ng4 Qb4 17. Nf3 Qxd2+ 18. Nxd2 h5 19. Ne3 Bxd4 20. O-O-O e5 21.
Ne4 Rd8 22. g4 hxg4 23. Rh4 Be6 24. Rdh1 Bxe3+ 25. fxe3 Kf8 26. Nxd6 Ke7 27.
Nxb7 Rdc8 28. b3 Rc7 29. Na5 Nc5 30. Bxg4 Bxg4 31. Rxg4 Nd3+ 32. Kc2 Nf2 33.
Rgh4 Nxh1 34. Rxh1 Rd8 35. g4 Rd6 36. e4 Ra6 37. b4 Rxa5 38. bxa5 Rxc4+ 39. Kd3
Ra4 40. Rh2 Rxa5 41. g5 Ra4 42. Rg2 Rd4+ 43. Ke3 a5 44. Rb2 Ra4 45. Rb7+ Kf8
46. Rb2 Ra3+ 47. Kf2 a4 48. Kg2 Re3 49. Rb4 Re2+ 50. Kf3 Rxa2 51. Rb8+ Ke7 52.
Rb7+ Kd6 53. Rxf7 Kc5 54. Rf6 Ra1 55. Rxg6 Kb5 56. Re6 a3 57. Rxe5+ Kb4 58. Re8
a2 59. Ra8 Rf1+ 60. Kg4 a1=Q 61. Rxa1 Rxa1 62. g6 Kc5 63. Kf5 Kd6 64. g7 Rf1+
65. Kg6 Rg1+ 66. Kf7 Rxg7+ 1/2-1/2

[Event "Memorial Romana Baka OPEN FIDE"]
[Site "Starochorzowski Dom Kultury, C"]
[Date "2014.10.01"]
[Round "7.1"]
[White "Raszka, Janusz"]
[Black "Piesik, Piotr"]
[Result "1-0"]
[WhiteElo "2140"]
[BlackElo "2231"]
[PlyCount "71"]
[EventDate "2014.??.??"]

1. e4 Nc6 2. Nf3 d6 3. d4 Bg4 4. c3 g6 5. h3 Bxf3 6. Qxf3 Bg7 7. Be3 e6 8. Nd2
Nge7 9. Bd3 O-O 10. Qe2 f5 11. f3 d5 12. O-O-O e5 13. dxe5 Nxe5 14. Bc2 Nf7 15.
g4 fxe4 16. Nxe4 Qc8 17. Ng5 c6 18. h4 h6 19. Nxf7 Rxf7 20. Bc5 Bf8 21. Rhe1
Qd7 22. Qd3 Rg7 23. Re2 b6 24. Bd4 Rf7 25. Rde1 c5 26. Rxe7 Bxe7 27. Qxg6+ Kf8
28. Qxh6+ Ke8 29. Qh8+ Rf8 30. Qh5+ Kd8 31. Bg7 Rg8 32. Bf5 Qd6 33. Be5 Qc6 34.
Be6 Qxe6 35. Bc7+ Kd7 36. Rxe6 1-0

[Event "Memorial Romana Baka OPEN FIDE"]
[Site "Starochorzowski Dom Kultury, C"]
[Date "2014.10.01"]
[Round "7.2"]
[White "Krzyzanowski, Marcin"]
[Black "Morkisz, Bogdan"]
[Result "1-0"]
[WhiteElo "2347"]
[BlackElo "2123"]
[PlyCount "103"]
[EventDate "2014.??.??"]

1. Nf3 f5 2. d3 Nf6 3. e4 d6 4. exf5 Bxf5 5. d4 Nbd7 6. Bd3 Bg4 7. h3 Bh5 8. g4
Bf7 9. g5 Nh5 10. g6 hxg6 11. Ng5 e5 12. Nxf7 Kxf7 13. Qg4 Nhf6 14. Bxg6+ Ke7
15. Bg5 c6 16. Nc3 Qa5 17. O-O-O Kd8 18. Qf5 Kc7 19. f4 Nd5 20. dxe5 dxe5 21.
fxe5 Bb4 22. Nxd5+ cxd5 23. Kb1 Rhf8 24. Qe6 Nb6 25. Be7 Rfd8 26. Bxd8+ Rxd8
27. Qf7+ Rd7 28. Qf3 Nc4 29. e6 Rd6 30. Qf7+ Kb6 31. Rd3 Ne5 32. Qf2+ Bc5 33.
Rb3+ Kc7 34. Qe1 Qxe1+ 35. Rxe1 Nxg6 36. e7 Nxe7 37. Rxe7+ Kc6 38. Rxg7 Rf6 39.
a3 Bb6 40. Rc3+ Kd6 41. Rxb7 Rf1+ 42. Ka2 Rf2 43. Kb3 d4 44. Rd3 Kc5 45. Rg7
Rh2 46. a4 Kc6 47. Rh7 Bc5 48. Rh6+ Kc7 49. Rg3 Bf8 50. Rf6 Be7 51. Rf7 Kd7 52.
Rgg7 1-0

[Event "Memorial Romana Baka OPEN FIDE"]
[Site "Starochorzowski Dom Kultury, C"]
[Date "2014.10.01"]
[Round "7.3"]
[White "Kaczmarek, Aleksander"]
[Black "Faron, Rafal"]
[Result "1-0"]
[WhiteElo "2289"]
[BlackElo "2034"]
[PlyCount "55"]
[EventDate "2014.??.??"]

1. e4 e5 2. Nf3 Nc6 3. Nc3 Nf6 4. g3 g6 5. Bg2 Bg7 6. d3 d6 7. h3 h6 8. Be3 Be6
9. d4 exd4 10. Nxd4 Bd7 11. Qd2 Nxd4 12. Bxd4 Bc6 13. O-O-O O-O 14. Kb1 Nd7 15.
Bxg7 Kxg7 16. h4 Qe7 17. h5 g5 18. Rhe1 Rad8 19. f4 f6 20. Bh3 Qf7 21. Bf5 Nb6
22. Ne2 Bd7 23. Nd4 c5 24. Bg6 Qc4 25. Nf5+ Bxf5 26. exf5 gxf4 27. Re7+ Kg8 28.
b3 1-0

[Event "Memorial Romana Baka OPEN FIDE"]
[Site "Starochorzowski Dom Kultury, C"]
[Date "2014.10.01"]
[Round "7.4"]
[White "Sensula, Marek"]
[Black "Klementys, Jerzy"]
[Result "1-0"]
[WhiteElo "1757"]
[BlackElo "1675"]
[PlyCount "109"]
[EventDate "2014.??.??"]

1. Nf3 Nf6 2. d4 g6 3. e3 Bg7 4. Bd3 O-O 5. b3 d5 6. Bb2 b6 7. O-O Bb7 8. c4 e6
9. Ne5 Nbd7 10. Nc3 Re8 11. Rc1 c5 12. Nb5 Qb8 13. f4 a6 14. Nc3 Qd8 15. Qe2
Ne4 16. Nxd7 Qxd7 17. Bxe4 cxd4 18. Na4 dxe4 19. Nxb6 Qc6 20. Nxa8 d3 21. Qd2
Bxb2 22. Qxb2 Bxa8 23. b4 Qb6 24. Qd2 Rc8 25. a4 f5 26. c5 Qb8 27. Qc3 Bc6 28.
Ra1 Qb7 29. Rf2 Qd7 30. Qc4 Rb8 31. Qb3 Kf7 32. h3 h6 33. Rb2 g5 34. g3 Qd5 35.
Qc3 Qd7 36. Qe5 Rd8 37. g4 Qd5 38. Qxd5 exd5 39. b5 axb5 40. axb5 Ba8 41. b6
gxf4 42. Rxa8 Rxa8 43. b7 Rb8 44. c6 fxe3 45. Kf1 e2+ 46. Ke1 Ke7 47. c7 Rxb7
48. c8=Q Rxb2 49. Qc5+ Ke8 50. Qc6+ Ke7 51. Qc7+ Kf8 52. Qd6+ Kf7 53. Qxd5+ Kf8
54. Qxf5+ Kg8 55. Qg6+ 1-0

[Event "Memorial Romana Baka OPEN FIDE"]
[Site "Starochorzowski Dom Kultury, C"]
[Date "2014.10.01"]
[Round "7.5"]
[White "Strzemiecki, Zbigniew"]
[Black "Szmyd, Arkadiusz"]
[Result "1/2-1/2"]
[WhiteElo "2379"]
[BlackElo "2144"]
[PlyCount "72"]
[EventDate "2014.??.??"]

1. e4 d5 2. exd5 Nf6 3. d4 Nxd5 4. c4 Nf6 5. Nc3 e6 6. Nf3 Be7 7. Bd3 O-O 8.
O-O b6 9. Bg5 h6 10. Bh4 Bb7 11. Bc2 c5 12. Qd3 g6 13. Rad1 Nc6 14. a3 Nxd4 15.
Nxd4 cxd4 16. Qxd4 Qxd4 17. Rxd4 Rfd8 18. Rfd1 Bc6 19. b4 Rxd4 20. Rxd4 Rd8 21.
Rxd8+ Bxd8 22. Bg3 Nd7 23. Bd6 f5 24. Nb5 Bxb5 25. cxb5 Bf6 26. f4 Bb2 27. a4
Bg7 28. Kf2 Bf8 29. Bc7 Bxb4 30. Kf3 Kf7 31. Bd8 Bd6 32. h3 Ke8 33. Bh4 e5 34.
fxe5 Nxe5+ 35. Ke2 g5 36. Be1 f4 1/2-1/2

[Event "Memorial Romana Baka OPEN FIDE"]
[Site "Starochorzowski Dom Kultury, C"]
[Date "2014.10.01"]
[Round "7.6"]
[White "Galyga, Jozef"]
[Black "Sroka, Janusz"]
[Result "1/2-1/2"]
[WhiteElo "1860"]
[BlackElo "2069"]
[PlyCount "88"]
[EventDate "2014.??.??"]

1. c4 e5 2. g3 Nf6 3. Bg2 h6 4. Nc3 Bb4 5. e4 Bxc3 6. bxc3 O-O 7. Ne2 d6 8. O-O
Nc6 9. d3 Re8 10. Qc2 b6 11. Be3 Na5 12. Rae1 Bd7 13. f4 c6 14. h3 Bc8 15. fxe5
dxe5 16. c5 Ba6 17. Nc1 Nb7 18. cxb6 Re6 19. bxa7 c5 20. g4 Qc7 21. g5 hxg5 22.
Bxg5 Nh7 23. Be3 Rxa7 24. Rf3 Ra8 25. Qf2 Rd8 26. c4 Rdd6 27. Rf1 Rf6 28. Qh4
Rxf3 29. Rxf3 Nf8 30. Qh5 Rg6 31. Rf5 f6 32. Kh2 Nd6 33. Rf1 Bc8 34. Nb3 Nb7
35. Bf3 Qd6 36. Be2 Bd7 37. Rg1 Rxg1 38. Bxg1 f5 39. Bf2 f4 40. Qg5 Ba4 41. Bh4
Ng6 42. Bf2 Nf8 43. Bh4 Ng6 44. Bf2 Nf8 1/2-1/2

[Event "Memorial Romana Baka OPEN FIDE"]
[Site "Starochorzowski Dom Kultury, C"]
[Date "2014.10.01"]
[Round "7.7"]
[White "Zawierucha, Aleksander"]
[Black "Zylka, Stanislaw"]
[Result "0-1"]
[WhiteElo "1957"]
[BlackElo "1934"]
[PlyCount "112"]
[EventDate "2014.??.??"]

1. d4 Nf6 2. c4 c5 3. d5 e6 4. Nc3 exd5 5. cxd5 d6 6. e4 g6 7. f4 Bg7 8. Bb5+
Bd7 9. e5 Ng8 10. Nf3 Nh6 11. O-O O-O 12. Bxd7 Qxd7 13. Ne4 Nf5 14. g4 Ne7 15.
e6 fxe6 16. dxe6 Qxe6 17. Nfg5 Bd4+ 18. Kg2 Qd5 19. Qf3 h6 20. Nh3 Nbc6 21. Re1
Rae8 22. Bd2 Ne5 23. Qg3 Nc4 24. Bc3 Bxc3 25. Qxc3 Nf5 26. Nhf2 Nd4 27. Kg3
Rxf4 28. b3 Rfxe4 29. Nxe4 Rxe4 30. Qxc4 Nf5+ 31. gxf5 Rxc4 32. bxc4 Qxc4 33.
fxg6 Kg7 34. Re7+ Kxg6 35. Rae1 Qxa2 36. R1e6+ Kf5 37. Re4 Qb3+ 38. Re3 Qg8+
39. Kf2 Qa2+ 40. Kg3 b5 41. h4 h5 42. Re8 b4 43. Kh3 Qd5 44. Rf8+ Kg6 45. Rg3+
Kh7 46. Rg5 Qh1+ 47. Kg3 Qg1+ 48. Kh3 Qe3+ 49. Kg2 Qe2+ 50. Kh3 Qe6+ 51. Kh2 b3
52. Rxh5+ Kg7 53. Rfh8 Qe2+ 54. Kh3 Qd3+ 55. Kg4 Qe4+ 56. Kh3 b2 0-1

[Event "Memorial Romana Baka OPEN FIDE"]
[Site "Starochorzowski Dom Kultury, C"]
[Date "2014.10.01"]
[Round "7.8"]
[White "Rosicki, Marcin"]
[Black "Solek, Zenon"]
[Result "1-0"]
[WhiteElo "1794"]
[BlackElo "1817"]
[PlyCount "71"]
[EventDate "2014.??.??"]

1. e4 c5 2. Nf3 e6 3. d4 cxd4 4. Nxd4 a6 5. Bd3 Nf6 6. Nc3 Qc7 7. O-O Nc6 8.
Be3 Ne5 9. Be2 Nc4 10. Bc1 b5 11. a3 Bb7 12. Re1 Be7 13. Qd3 Rc8 14. Bf3 h5 15.
h3 g5 16. e5 Nxe5 17. Rxe5 Qxe5 18. Bxb7 Rc4 19. Nf3 Qb8 20. Bxa6 g4 21. Bxb5
gxf3 22. Qxc4 Rg8 23. Bf4 Rxg2+ 24. Kh1 Bd6 25. Ne2 Nd5 26. Bxd6 Qxd6 27. Ng3
Rxf2 28. Qc8+ Ke7 29. Nf5+ exf5 30. Re1+ Re2 31. Bxe2 fxe2 32. Rxe2+ Kf6 33.
Qd8+ Ne7 34. Qxe7+ Qxe7 35. Rxe7 Kxe7 36. b4 1-0

[Event "Memorial Romana Baka OPEN FIDE"]
[Site "Starochorzowski Dom Kultury, C"]
[Date "2014.10.01"]
[Round "7.9"]
[White "Kubicka, Anna"]
[Black "Marek, Eugeniusz"]
[Result "1-0"]
[WhiteElo "1734"]
[BlackElo "1761"]
[PlyCount "53"]
[EventDate "2014.??.??"]

1. e4 c6 2. Ne2 d5 3. e5 Bf5 4. d4 e6 5. Nf4 h6 6. g4 Bh7 7. h4 Be7 8. Nh5 Kf8
9. Bd3 Bxd3 10. Qxd3 Bxh4 11. Qb3 b6 12. Nd2 Bg5 13. Qh3 g6 14. f4 Bh4+ 15.
Qxh4 Qxh4+ 16. Rxh4 gxh5 17. Rxh5 Nd7 18. Nf3 Kg7 19. f5 exf5 20. gxf5 Re8 21.
Be3 c5 22. O-O-O c4 23. Rg1+ Kf8 24. Kd2 b5 25. Ng5 f6 26. Ne6+ Ke7 27. Rg7#
1-0

[Event "Memorial Romana Baka OPEN FIDE"]
[Site "Starochorzowski Dom Kultury, C"]
[Date "2014.10.01"]
[Round "7.10"]
[White "Szczecina, Kamil"]
[Black "Nowakowski, Jan"]
[Result "1-0"]
[WhiteElo "1889"]
[BlackElo "1692"]
[PlyCount "51"]
[EventDate "2014.??.??"]

1. e4 e5 2. Nf3 Nc6 3. d4 exd4 4. Bc4 h6 5. Nxd4 Qf6 6. Nb5 Bc5 7. O-O Bb6 8.
N1c3 Nge7 9. Be3 O-O 10. Bxb6 cxb6 11. f4 a6 12. e5 Qh4 13. Nd6 b5 14. g3 Qh3
15. Bb3 Na5 16. Nd5 Nxd5 17. Bxd5 Nc6 18. Qf3 Rb8 19. Rae1 h5 20. f5 Qg4 21.
Qxg4 hxg4 22. Rf4 Ne7 23. Bb3 Nc6 24. Rxg4 Nd8 25. f6 Ne6 26. Bxe6 1-0

[Event "Memorial Romana Baka OPEN FIDE"]
[Site "Starochorzowski Dom Kultury, C"]
[Date "2014.10.01"]
[Round "7.11"]
[White "Rak, Dariusz"]
[Black "Matysek, Pawel"]
[Result "1-0"]
[WhiteElo "1869"]
[BlackElo "1464"]
[PlyCount "137"]
[EventDate "2014.??.??"]

1. Nf3 Nf6 2. b3 g6 3. Bb2 Bg7 4. e3 c5 5. c4 O-O 6. Be2 b6 7. O-O Bb7 8. d4
Na6 9. d5 d6 10. Nbd2 e6 11. dxe6 fxe6 12. Ng5 Nc7 13. Qc2 d5 14. Rad1 Qe7 15.
Rfe1 Nd7 16. Bxg7 Qxg7 17. Rf1 e5 18. cxd5 Bxd5 19. e4 Be6 20. Nc4 Qe7 21. Nxe6
Nxe6 22. Ne3 Kh8 23. Nd5 Qg5 24. Bc4 Nf6 25. Nxf6 Rxf6 26. Bxe6 Rxe6 27. Rd7
Rf6 28. Qd3 Raf8 29. Rxa7 Qh4 30. f3 R6f7 31. Rxf7 Rxf7 32. Rd1 Kg7 33. Qd8 Qf4
34. Qd2 Qh4 35. Qc3 Qf4 36. Rd5 Re7 37. Qd2 Qh4 38. Rd7 Rxd7 39. Qxd7+ Kg8 40.
Qe8+ Kg7 41. Qxe5+ Kf8 42. g3 Qh3 43. Qf6+ Ke8 44. e5 Qh6 45. Qe6+ Kf8 46. Qd6+
Ke8 47. Qe6+ Kf8 48. f4 Qh5 49. g4 Qh3 50. Qc8+ Kg7 51. Qd7+ Kf8 52. Qd1 Qe3+
53. Kg2 Qe4+ 54. Qf3 Qc2+ 55. Qf2 Qe4+ 56. Kg3 Qd3+ 57. Qf3 Qd2 58. Qa8+ Kg7
59. Qb7+ Kg8 60. Qc8+ Kg7 61. Qb7+ Kg8 62. Qg2 Qe1+ 63. Qf2 Qc3+ 64. Kh4 Qd3
65. f5 Qd8+ 66. f6 h6 67. e6 Qd5 68. f7+ Kf8 69. e7+ 1-0

[Event "Memorial Romana Baka OPEN FIDE"]
[Site "Starochorzowski Dom Kultury, C"]
[Date "2014.10.01"]
[Round "7.12"]
[White "Wirtek, Jerzy"]
[Black "Bobecki, Tadeusz"]
[Result "1-0"]
[WhiteElo "1706"]
[BlackElo "1815"]
[PlyCount "105"]
[EventDate "2014.??.??"]

1. d4 d5 2. Nf3 Nf6 3. e3 e6 4. Bd3 c5 5. b3 Nc6 6. Bb2 Be7 7. Nbd2 a6 8. O-O
Nb4 9. Be2 O-O 10. a3 Nc6 11. Ne5 Qc7 12. f4 cxd4 13. exd4 Nd7 14. Ndf3 Qb6 15.
Kh1 Bf6 16. Bd3 g6 17. h4 Bg7 18. h5 Ndxe5 19. dxe5 Ne7 20. Nh4 Qd8 21. hxg6
fxg6 22. Qg4 Nf5 23. Nxf5 gxf5 24. Qh5 Qe8 25. Qxe8 Rxe8 26. c4 dxc4 27. Bxc4
b5 28. Be2 Bb7 29. Bf3 Bxf3 30. Rxf3 Rac8 31. Bd4 Rc2 32. b4 Rec8 33. Bc5 Rd8
34. Bd6 Kf7 35. Rd1 Bf8 36. Rfd3 Bxd6 37. Rxd6 Rxd6 38. Rxd6 a5 39. bxa5 Rc3
40. Rb6 Rxa3 41. Rxb5 Ra4 42. g3 Ra2 43. Kg1 h6 44. Rb7+ Kg6 45. Rb6 Kf7 46. a6
Kg6 47. Rxe6+ Kh5 48. Rb6 Kg4 49. e6 Kxg3 50. Rb3+ Kxf4 51. e7 Re2 52. a7 Ra2
53. e8=Q 1-0

[Event "Memorial Romana Baka OPEN FIDE"]
[Site "Starochorzowski Dom Kultury, C"]
[Date "2014.10.01"]
[Round "7.13"]
[White "Krol, Rafal"]
[Black "Pasieka, Marcin"]
[Result "1-0"]
[WhiteElo "1785"]
[BlackElo "1626"]
[PlyCount "97"]
[EventDate "2014.??.??"]

1. Nf3 Nf6 2. g3 d5 3. Bg2 c5 4. O-O Nc6 5. d3 e5 6. Nbd2 Be7 7. e4 O-O 8. exd5
Nxd5 9. Nc4 f6 10. c3 Be6 11. Qe2 Qd7 12. Rd1 b5 13. Ne3 b4 14. Nxd5 Bxd5 15.
Be3 Rfe8 16. Qc2 Rac8 17. Qa4 Red8 18. cxb4 Nxb4 19. Qxd7 Rxd7 20. Ne1 Bxg2 21.
Kxg2 Rcd8 22. Kf3 c4 23. a3 Nxd3 24. Nxd3 f5 25. Bxa7 cxd3 26. Be3 Rc8 27. b4
g6 28. b5 e4+ 29. Kg2 Bf6 30. Ra2 Rb7 31. a4 Rc4 32. b6 Bd4 33. Bxd4 Rxd4 34.
a5 Rd8 35. Rb2 Ra8 36. Rb5 Kf7 37. Ra1 Ra6 38. f3 e3 39. f4 d2 40. Kf3 Re7 41.
Ke2 d1=Q+ 42. Rxd1 Rb7 43. Kxe3 Ke6 44. Re5+ Kf7 45. Rc1 Raxb6 46. axb6 Rxb6
47. Rc7+ Kf6 48. Rxh7 Rb3+ 49. Kd4 1-0

[Event "Memorial Romana Baka OPEN FIDE"]
[Site "Starochorzowski Dom Kultury, C"]
[Date "2014.10.01"]
[Round "7.14"]
[White "Blasiak, Miroslaw"]
[Black "Liszek, Krzysztof"]
[Result "1/2-1/2"]
[WhiteElo "1818"]
[BlackElo "1905"]
[PlyCount "46"]
[EventDate "2014.??.??"]

1. e4 e6 2. d4 d5 3. Nc3 Nf6 4. Bg5 Be7 5. e5 Nfd7 6. Bxe7 Qxe7 7. f4 c5 8. Nb5
O-O 9. Nc7 cxd4 10. a3 Nxe5 11. Nxa8 Ng6 12. Nf3 Nc6 13. Qd2 e5 14. fxe5 Ngxe5
15. O-O-O Nxf3 16. gxf3 Be6 17. Bb5 Rxa8 18. Bxc6 bxc6 19. Qxd4 c5 20. Qe5 Qb7
21. Rhg1 g6 22. f4 Rb8 23. Rg3 d4 1/2-1/2